000 01048cam a22002891 4500
001 27994
003 BD-RjUL
005 20211209051227.0
008 140329r19591932enk 001 0 eng
035 _a(BD-RjUL)28075
040 _aDLC
_cDLC
_dDLC
_dBD-RjUL
_beng
041 _aeng
082 0 0 _a500.201
_220
_bBUM 1959
100 1 _aBurtt, Edwin A.
_q(Edwin Arthur),
_d1892-
_985863
245 1 4 _aThe metaphysical foundations of modern physical science :
_ba historical and critical essay /
_cby Edwin A Burtt.
260 _aLondon :
_bRoutledge,
_c[Reprinted 1959].
300 _axi, 343 p. ;
_c19 cm.
490 0 _aDoubleday anchor books,
_vA41
502 _aIssued also as thesis, Columbia University, under title: The metaphysics of Sir Isaac Newton,
504 _aIncludes bibliographical references and index.
600 1 0 _aNewton, Isaac,
_d1642-1727.
_985866
650 0 _aPhysical sciences
_xPhilosophy
_xHistory.
_985865
650 0 _aMetaphysics
_xHistory.
_94414
942 _2ddc
_cBK
999 _c27994
_d27994